Stockholm districts by population - Statistics

General Stats
  • This quiz has been taken 221 times
  • The average score is 4 of 11
Answer Stats
Hint Answer % Correct
130 000 Södermalm
94%
150 000 Norra Innerstan
70%
71 000 Kungsholmen
59%
82 000 Bromma
45%
104 000 Enskede-Årsta-Vantör
39%
62 000 Farsta
30%
77 000 Hässelby-Vällingby
27%
126 000 Hägersten-Älvsjö
24%
37 000 Skärholmen
20%
46 000 Skarpnäck
20%
92 000 Järva
16%
No matching quizzes found
Score Distribution
Percent of People with Each Score
Percentile by Number Answered
Your Score History
You have not taken this quiz